| 000 | 00528nam a2200193 a 4500 | ||
|---|---|---|---|
| 999 |
_c2049 _d2049 |
||
| 007 | ta | ||
| 008 | 200129t2000 xxua|||g |||| 00| 0 eng d | ||
| 040 |
_aKO _beng |
||
| 041 | 0 | _aeng | |
| 044 | _aii | ||
| 082 | 0 | 4 |
_223 _a307.14 _bW89317 |
| 245 | 1 | 0 |
_aNew Paths to Social Development : _bCommunity and Global Networks in Action / |
| 260 |
_aWashington , D. C. : _bThe World Bank, _c2000 |
||
| 300 |
_avii , 84 cm. : _bcol.ill. ; _c26 cm |
||
| 650 | 0 |
_aSocial planning _vTextbooks |
|
| 904 | _aReshma_R | ||
| 942 | _cBK | ||